000 01018nam a22003257a 4500
001 0028159
003 KOHA_MİRAKIL
005 20260207002621.0
007 ta
008 110309b2011 tu |||gr||||#||||0|tur |
020 _a9789759235697
040 _aTR-BiSEU
_btur
_cTR-BiSEU
_erda
041 0 _atur
044 _ctu
050 _aBP189.7.D44
_bK39 2011
100 0 _aKaya,Bayram Ali.
245 1 _aDefter-i Dervişan:Yenikapı Mevlevihanesi Günlükleri/
_cKaya,Bayram Ali ; Bayram Ali Kaya, Sezai Küçük.
264 1 _aİstanbul :
_bZeytinburnu Belediyesi
_c2011
300 _a480 s.
336 _ametin
_btxt
_2rdacontent
337 _aaracısız
_bn
_2rdamedia
338 _acilt
_bnc
_2rdacarrier
490 1 _aZeytinburnu Belediyesi Kültür Yayınları;17
500 _aDizin var.
650 0 _aMuslims--History.
_955787
650 0 _aSufism--Turkey--History.
_916695
650 0 _aTasavvuf.
_98184
830 1 _aZeytinburnu Belediyesi Kültür Yayınları;17
_955788
942 _2lcc
_cBK
999 _c28083
_d28083